[Event "Goch op 26th"]
[Site "Goch"]
[Date "2015.09.04"]
[Round "2"]
[White "Sanati, Charlotte"]
[Black "Montforts, Ton"]
[Result "1-0"]
[WhiteElo "1871"]
[BlackElo "1596"]
[PlyCount "85"]
[EventDate "2015.09.03"]
[EventType "swiss"]
[EventRounds "7"]
[EventCountry "GER"]
[SourceTitle "EXT 2018"]
[Source "ChessBase"]
[SourceDate "2017.10.13"]
[SourceVersion "1"]
[SourceVersionDate "2017.10.13"]
[SourceQuality "1"]

1. e4 d5 2. exd5 Nf6 3. d4 Nxd5 4. c4 Nb4 5. a3 N4c6 6. Nf3 Bg4 7. Be3 Nd7 8. Be2 e6 9. Nc3 Ne7 10. h3 Bxf3 11. Bxf3 c6 12. 0-0 Nf5 13. Bf4 Qb6 14. d5 cxd5 15. cxd5 e5 16. Bg4 g6 17. Re1 Bg7 18. Bxf5 gxf5 19. Qd3 0-0 20. Bg5 e4 21. Qg3 Qg6 22. d6 Be5 23. Bf4 Qxg3 24. fxg3 Bxf4 25. gxf4 h5 26. Nd5 Kg7 27. Ne7 Kf6 28. Rac1 Rad8 29. Red1 b6 30. Rd5 Nc5 31. Rxf5+ Kg7 32. Re1 f6 33. Rd5 Kf7 34. b4 Nb7 35. Rxe4 Nxd6 36. Re3 Rfe8 37. Nc6 Rxe3 38. Nxd8+ Ke7 39. Nc6+ Kd7 40. Nxa7 Ke6 41. Rxh5 Rxa3 42. Nb5 Ra4 43. Nxd6 1-0

[Event "Goch op 26th"]
[Site "Goch"]
[Date "2015.09.03"]
[Round "1"]
[White "Montforts, Ton"]
[Black "Venhoff, Michael"]
[Result "0-1"]
[WhiteElo "1596"]
[BlackElo "1995"]
[PlyCount "46"]
[EventDate "2015.09.03"]
[EventType "swiss"]
[EventRounds "7"]
[EventCountry "GER"]
[SourceTitle "EXT 2018"]
[Source "ChessBase"]
[SourceDate "2017.10.13"]
[SourceVersion "1"]
[SourceVersionDate "2017.10.13"]
[SourceQuality "1"]

1. d4 Nf6 2. Nf3 b6 3. c4 e6 4. Nc3 Bb7 5. Qc2 d5 6. b3 Bb4 7. a3 Be7 8. Bb2 0-0 9. Rc1 dxc4 10. bxc4 c5 11. d5 exd5 12. cxd5 Re8 13. e4 Nbd7 14. Rd1 c4 15. Bxc4 Rc8 16. Be2 Nxe4 17. Qxe4 Bf6 18. Qd3 Nc5 19. Qc2 Ne4 20. Nd4 Nxc3 21. Bxc3 Qxd5 22. f3 Bxd4 23. Rxd4 Qxd4 0-1

[Event "Maastricht Limburg op-C 8th"]
[Site "Maastricht"]
[Date "2014.06.06"]
[Round "1"]
[White "Heuts, Guido"]
[Black "Montforts, Ton"]
[Result "0-1"]
[WhiteElo "1345"]
[BlackElo "1650"]
[PlyCount "106"]
[EventDate "2014.06.06"]
[EventType "swiss"]
[EventRounds "7"]
[EventCountry "NED"]
[SourceTitle "EXT 2015"]
[Source "ChessBase"]
[SourceDate "2014.11.20"]
[SourceVersion "1"]
[SourceVersionDate "2014.11.20"]
[SourceQuality "1"]

1. d4 Nf6 2. c4 c5 3. e3 cxd4 4. exd4 d5 5. Nc3 g6 6. Nf3 Bg7 7. Be2 0-0 8. h3 dxc4 9. Bxc4 Nc6 10. 0-0 Bd7 11. Re1 Rc8 12. Be3 h6 13. a3 Be8 14. b4 Nxb4 15. Qb3 Nc6 16. d5 Na5 17. Qc2 Nxc4 18. Bxa7 Nd6 19. Bd4 Nxd5 20. Bxg7 Kxg7 21. Qb2 Nxc3 22. Rac1 Kg8 23. Rxc3 Rxc3 24. Qxc3 Bc6 25. Ne5 Kh7 26. Nxc6 bxc6 27. Qxc6 Qa8 28. Qc3 Re8 29. Rd1 Qa7 30. Qb3 Kg7 31. Qc3+ f6 32. Qe1 Qxa3 33. Ra1 Qc5 34. Rc1 Qb6 35. Rd1 Qc7 36. Qe2 Qd7 37. Rd3 Rc8 38. Kh2 Qc7 39. g3 Nf5 40. Kg2 Qc6+ 41. Kh2 e5 42. Qd2 Nd4 43. Qd1 Qc2 44. Kg2 Qxd1 45. Rxd1 Rc7 46. Rd2 Kf7 47. f4 Rc2 48. Rxc2 Nxc2 49. Kf2 exf4 50. gxf4 Ke6 51. Kf3 Kf5 52. h4 Nd4+ 53. Kg3 Ne2+ 0-1

[Event "Goch op 24th"]
[Site "Goch"]
[Date "2013.09.05"]
[Round "1"]
[White "Brandt, Thorsten"]
[Black "Montforts, Ton"]
[Result "1-0"]
[WhiteElo "2018"]
[BlackElo "1687"]
[PlyCount "103"]
[EventDate "2013.09.05"]
[EventType "swiss"]
[EventRounds "7"]
[EventCountry "GER"]
[SourceTitle "EXT 2015"]
[Source "ChessBase"]
[SourceDate "2014.11.20"]
[SourceVersion "1"]
[SourceVersionDate "2014.11.20"]
[SourceQuality "1"]

1. d4 Nf6 2. Nf3 g6 3. c4 c5 4. d5 b5 5. cxb5 a6 6. Nc3 axb5 7. Nxb5 Ba6 8. Nc3 d6 9. e4 Bxf1 10. Kxf1 Bg7 11. Bf4 0-0 12. Nd2 Qa5 13. Nc4 Qa6 14. Qe2 Nbd7 15. g4 Rfb8 16. Bd2 Nb6 17. Nxb6 Qxe2+ 18. Kxe2 Rxb6 19. g5 Nd7 20. Rab1 c4 21. b4 Ne5 22. Be3 Rbb8 23. Bd4 Ra3 24. b5 Nd3 25. Bxg7 Kxg7 26. Kd2 Nxf2 27. Rhc1 Nd3 28. Rc2 Rb6 29. Ke3 Ne5 30. Rb4 Kg8 31. Kd4 Kg7 32. h3 Kf8 33. Ke3 Ke8 34. Kd2 Kd7 35. h4 Kd8 36. Rb1 Kd7 37. Rh1 Kc7 38. h5 Kd7 39. hxg6 hxg6 40. Rb1 Kc7 41. Rb4 Kd7 42. Na4 Rd3+ 43. Kc1 Rb8 44. Nb2 Rd4 45. Re2 Kc7 46. a4 Kb6 47. Kc2 Kc5 48. Kc3 Rb6 49. a5 Rxb5 50. Rxb5+ Kxb5 51. Kxd4 Kb4 52. a6 1-0

[Event "Maastricht Limburg op-C 7th"]
[Site "Maastricht"]
[Date "2013.05.19"]
[Round "5"]
[White "Montforts, Ton"]
[Black "Valembois, Pierre"]
[Result "1-0"]
[WhiteElo "1673"]
[BlackElo "1273"]
[PlyCount "25"]
[EventDate "2013.05.17"]
[EventType "swiss"]
[EventRounds "7"]
[EventCountry "NED"]
[SourceTitle "EXT 2014"]
[Source "ChessBase"]
[SourceDate "2013.11.20"]
[SourceVersion "1"]
[SourceVersionDate "2013.11.20"]
[SourceQuality "1"]

1. d4 a6 2. g3 b5 3. Bg2 Ra7 4. Be3 e6 5. d5 c5 6. dxc6 Rc7 7. Bb6 Qf6 8. Bxc7 Nxc6 9. Bxc6 dxc6 10. Ba5 b4 11. c3 Bc5 12. Nf3 Ne7 13. Qd8# 1-0

[Event "Goch op 23rd"]
[Site "Goch"]
[Date "2012.08.31"]
[Round "3"]
[White "Montforts, Ton"]
[Black "Kabos, Tobias"]
[Result "0-1"]
[WhiteElo "1640"]
[BlackElo "2251"]
[PlyCount "52"]
[EventDate "2012.08.30"]
[EventType "swiss"]
[EventRounds "7"]
[EventCountry "GER"]
[SourceTitle "EXT 2015"]
[Source "ChessBase"]
[SourceDate "2014.11.20"]
[SourceVersion "1"]
[SourceVersionDate "2014.11.20"]
[SourceQuality "1"]

1. d4 Nf6 2. Nf3 g6 3. e3 Bg7 4. c4 c5 5. Be2 0-0 6. Nc3 cxd4 7. exd4 d5 8. 0-0 Nc6 9. b3 e6 10. Bb2 b6 11. Rc1 Bb7 12. Re1 Rc8 13. a3 dxc4 14. bxc4 Na5 15. Ne5 a6 16. Na4 Nd7 17. Nxd7 Qxd7 18. c5 bxc5 19. Nxc5 Qc6 20. f3 Qb6 21. Bc3 Rxc5 22. Rb1 Qd6 23. Bxa5 Bxd4+ 24. Kh1 Rxa5 25. Rxb7 Rxa3 26. Qb1 Ra1 0-1

[Event "Maastricht Limburg op Veterans 6th"]
[Site "Maastricht"]
[Date "2012.05.25"]
[Round "1"]
[White "De Kleijnen, Henk J"]
[Black "Montforts, Ton"]
[Result "1-0"]
[WhiteElo "1895"]
[BlackElo "1640"]
[PlyCount "101"]
[EventDate "2012.05.25"]
[EventType "swiss"]
[EventRounds "5"]
[EventCountry "NED"]
[SourceTitle "EXT 2013"]
[Source "ChessBase"]
[SourceDate "2012.11.22"]
[SourceVersion "1"]
[SourceVersionDate "2012.11.22"]
[SourceQuality "1"]

1. d4 Nf6 2. Nf3 d5 3. e3 Bf5 4. c4 e6 5. Qb3 Qc8 6. Nc3 c6 7. Be2 dxc4 8. Bxc4 Nbd7 9. 0-0 Qc7 10. h3 h6 11. Re1 b5 12. Bf1 b4 13. Ne2 Ne4 14. Bd2 Be7 15. Rec1 Qb6 16. a3 c5 17. axb4 Nxd2 18. Nxd2 Qxb4 19. Qxb4 cxb4 20. g4 Bd3 21. Bg2 Rd8 22. Nf4 Bh7 23. Rxa7 g5 24. Ne2 Bd6 25. Ne4 Bb8 26. Rb7 Bxe4 27. Bxe4 Bd6 28. Bc6 Ke7 29. e4 f6 30. Ra1 Rh7 31. Raa7 Ke8 32. Nc1 Re7 33. Nd3 Bb8 34. Ra4 Rc8 35. Nxb4 Kd8 36. Kf1 Rc7 37. Rb5 Ba7 38. d5 Nb6 39. Ra2 Nc4 40. f3 Nd6 41. Rba5 Rh7 42. dxe6 h5 43. Bd5 Rc1+ 44. Ke2 Bb6 45. Ra8+ Nc8 46. Nc6+ Kc7 47. Rxc8+ Kxc8 48. Ra8+ Kc7 49. e7 Rxe7 50. Nxe7 hxg4 51. Rc8+ 1-0

[Event "BEL-ch op"]
[Site "Namur"]
[Date "2007.07.04"]
[Round "5.69"]
[White "Poelman, Geoffrey"]
[Black "Montforts, Ton"]
[Result "0-1"]
[WhiteElo "1270"]
[BlackElo "1636"]
[PlyCount "46"]
[EventDate "2007.06.30"]
[EventType "swiss"]
[EventRounds "9"]
[EventCountry "BEL"]
[SourceTitle "CBM 119 Extra"]
[Source "ChessBase"]
[SourceDate "2007.09.04"]
[SourceVersion "1"]
[SourceVersionDate "2007.09.04"]
[SourceQuality "1"]

1. e4 d5 2. exd5 Nf6 3. d4 Nxd5 4. c4 Nb4 5. Qa4+ N8c6 6. d5 b5 7. cxb5 Bf5 8. bxc6 Nc2+ 9. Kd1 Qxd5+ 10. Bd2 Nxa1 11. Nc3 Qd8 12. Nf3 Bc2+ 13. Qxc2 Nxc2 14. Kxc2 e6 15. Bc4 Bb4 16. Rd1 0-0 17. Ne5 Bxc3 18. Bxc3 Qg5 19. g3 Qf5+ 20. Nd3 Rfd8 21. f4 Rab8 22. Be5 Qe4 23. b3 Qxc6 0-1

[Event "Limburg op g/60"]
[Site "Limburg"]
[Date "2007.02.20"]
[Round "4"]
[White "Montforts, Ton"]
[Black "Vermeulen, Humbert"]
[Result "0-1"]
[WhiteElo "1636"]
[BlackElo "1518"]
[PlyCount "44"]
[EventDate "2007.01.11"]
[EventType "swiss"]
[EventRounds "7"]
[EventCountry "BEL"]
[SourceTitle "EXT 2008"]
[Source "ChessBase"]
[SourceDate "2007.11.25"]
[SourceVersion "1"]
[SourceVersionDate "2007.11.25"]
[SourceQuality "1"]

1. d4 d5 2. Nf3 e6 3. e3 Nf6 4. Bd3 c5 5. b3 Nc6 6. Bb2 Bd7 7. 0-0 cxd4 8. exd4 Bd6 9. Ne5 Qc7 10. Nxc6 Bxc6 11. Nd2 Bxh2+ 12. Kh1 Bd6 13. Nf3 h5 14. Ne5 Bxe5 15. dxe5 Ng4 16. Qe2 0-0-0 17. b4 d4 18. Rfe1 f6 19. f4 fxe5 20. fxe5 Ne3 21. Rg1 Qxe5 22. b5 Qg3 0-1

[Event "Limburg op g/60"]
[Site "Limburg"]
[Date "2007.01.23"]
[Round "2"]
[White "Conte, Fortunato"]
[Black "Montforts, Ton"]
[Result "0-1"]
[WhiteElo "1636"]
[BlackElo "1445"]
[PlyCount "48"]
[EventDate "2007.01.11"]
[EventType "swiss"]
[EventRounds "7"]
[EventCountry "BEL"]
[SourceTitle "EXT 2008"]
[Source "ChessBase"]
[SourceDate "2007.11.25"]
[SourceVersion "1"]
[SourceVersionDate "2007.11.25"]
[SourceQuality "1"]

1. e4 d5 2. exd5 Nf6 3. c4 c6 4. dxc6 Nxc6 5. Nf3 e5 6. d3 Bc5 7. Nc3 0-0 8. Be3 Bxe3 9. fxe3 Qb6 10. Qe2 Bg4 11. e4 Nd4 12. Qf2 Bxf3 13. gxf3 Rad8 14. Rb1 Nh5 15. Bg2 Nf4 16. b4 Nxd3+ 17. Kf1 Nxf2 18. Kxf2 Qh6 19. Rb2 Nc6 20. Nd5 f5 21. b5 Nd4 22. Re1 fxe4 23. Rxe4 Nxf3 24. Bxf3 Qxh2+ 0-1

[Event "BEL-ch opB"]
[Site "Westerlo"]
[Date "2004.07.??"]
[Round "6"]
[White "Barbier, Sigiswald"]
[Black "Montforts, Ton"]
[Result "1/2-1/2"]
[WhiteElo "1473"]
[BlackElo "1685"]
[PlyCount "52"]
[EventDate "2004.07.??"]
[EventType "swiss"]
[EventRounds "9"]
[EventCountry "BEL"]
[SourceTitle "EXT 2005"]
[Source "ChessBase"]
[SourceDate "2004.11.15"]
[SourceVersion "1"]
[SourceVersionDate "2004.11.15"]
[SourceQuality "1"]

1. c4 f5 2. g3 Nf6 3. Bg2 d6 4. Nf3 e5 5. d3 Be7 6. Nc3 0-0 7. 0-0 a5 8. e3 Na6 9. a3 Bd7 10. Rb1 c6 11. Qc2 Nc5 12. d4 exd4 13. exd4 Nce4 14. Nxe4 Nxe4 15. Nd2 d5 16. cxd5 cxd5 17. Nxe4 fxe4 18. Qb3 Bc6 19. Re1 Kh8 20. Bf4 Qd7 21. Qe3 Qf5 22. Rbc1 Bd8 23. Red1 Rf7 24. f3 exf3 25. Qxf3 Kg8 26. Qd3 Qd7 1/2-1/2

[Event "LiSB-ch Seniors"]
[Site "Sittard"]
[Date "2003.11.30"]
[Round "3"]
[White "Montforts, Ton"]
[Black "Werts, Ruud"]
[Result "1-0"]
[WhiteElo "1665"]
[BlackElo "1631"]
[PlyCount "87"]
[EventDate "2003.11.29"]
[EventType "swiss"]
[EventRounds "5"]
[EventCountry "NED"]
[SourceTitle "EXT 2009"]
[Source "ChessBase"]
[SourceDate "2008.11.26"]
[SourceVersion "1"]
[SourceVersionDate "2008.11.26"]
[SourceQuality "1"]

1. e4 c5 2. Nf3 e6 3. d4 cxd4 4. Nxd4 Nf6 5. Nc3 Bb4 6. Bd3 0-0 7. 0-0 Bxc3 8. bxc3 a6 9. Bg5 d6 10. Qd2 Nbd7 11. Rfe1 Qa5 12. f4 e5 13. fxe5 Qxe5 14. Bf4 Qc5 15. Kh1 Ne5 16. Be3 Nc4 17. Bxc4 Qxc4 18. Bg5 Ng4 19. Be7 Re8 20. Bxd6 Be6 21. Nxe6 Rxe6 22. Qd4 Rc8 23. Bb4 Qb5 24. a4 Qe8 25. h3 Ne5 26. a5 Rc4 27. Qd5 Qc6 28. Rad1 Qe8 29. Bd6 Rc8 30. Bb4 Nc6 31. Rc1 Rd8 32. Qf5 g6 33. Qf4 Rc8 34. Re2 Nxb4 35. cxb4 Rc4 36. c3 Rexe4 37. Rxe4 Rxe4 38. Qf1 f5 39. c4 Qa4 40. b5 axb5 41. cxb5 Qxa5 42. Rc8+ Kg7 43. Qd3 Qxb5 44. Qxb5 1-0

[Event "LiSB-ch Seniors"]
[Site "Sittard"]
[Date "2003.11.29"]
[Round "1"]
[White "Montforts, Ton"]
[Black "Coort, Jo"]
[Result "1-0"]
[WhiteElo "1665"]
[BlackElo "1540"]
[PlyCount "91"]
[EventDate "2003.11.29"]
[EventType "swiss"]
[EventRounds "5"]
[EventCountry "NED"]
[SourceTitle "EXT 2009"]
[Source "ChessBase"]
[SourceDate "2008.11.26"]
[SourceVersion "1"]
[SourceVersionDate "2008.11.26"]
[SourceQuality "1"]

1. c4 Nf6 2. Nc3 e5 3. g3 c6 4. Bg2 d5 5. b3 e4 6. d3 Bb4 7. Bd2 0-0 8. dxe4 dxc4 9. bxc4 Qd4 10. Qc2 Qxc4 11. Rc1 Be6 12. a4 Nbd7 13. Nf3 Ng4 14. 0-0 Nge5 15. Ng5 h6 16. Nxe6 Qxe6 17. Rb1 a5 18. Na2 Bxd2 19. Qxd2 Nc5 20. Qc2 Qe7 21. Rfc1 Ne6 22. Qb2 Qc7 23. Qxb7 Qxb7 24. Rxb7 Nd4 25. Nc3 Rab8 26. Rcb1 Rxb7 27. Rxb7 Rd8 28. h3 Nc2 29. Rc7 Nb4 30. f4 Nc4 31. e5 Ne3 32. Bxc6 Na6 33. Ra7 Nb4 34. Bb5 Rc8 35. Ne4 Rc1+ 36. Kf2 Nbd5 37. g4 Rf1+ 38. Kg3 Rg1+ 39. Kf2 Rf1+ 40. Kg3 Rg1+ 41. Kh2 Rg2+ 42. Kh1 Nxf4 43. Bd3 Nxh3 44. Rb7 Rxg4 45. Rb8+ Kh7 46. Nf6# 1-0

[Event "LiSB-ch Seniors"]
[Site "Stein"]
[Date "2002.12.01"]
[Round "2"]
[White "Montforts, Ton"]
[Black "Werts, Ruud"]
[Result "1-0"]
[WhiteElo "1626"]
[BlackElo "1595"]
[PlyCount "133"]
[EventDate "2002.11.30"]
[EventType "tourn"]
[EventRounds "5"]
[EventCountry "NED"]
[SourceTitle "EXT 2013"]
[Source "ChessBase"]
[SourceDate "2012.11.22"]
[SourceVersion "1"]
[SourceVersionDate "2012.11.22"]
[SourceQuality "1"]

1. Nf3 c5 2. g3 Nc6 3. Bg2 d5 4. c4 d4 5. d3 e5 6. 0-0 Nf6 7. a3 a5 8. Nbd2 Be7 9. Re1 0-0 10. Qc2 Rb8 11. h3 Be6 12. Ng5 Bd7 13. Nge4 Qc8 14. Kh2 h6 15. Nxf6+ Bxf6 16. Nf3 Be6 17. e3 Qc7 18. exd4 Nxd4 19. Nxd4 exd4 20. Bf4 Qc8 21. Bxb8 Qxb8 22. Rab1 b5 23. cxb5 Qxb5 24. b4 cxb4 25. axb4 axb4 26. Rb2 b3 27. Qb1 Be7 28. Re4 Qb6 29. Rxb3 Bxb3 30. Rxe7 Qb4 31. Rb7 Qd2 32. Rxb3 Qxf2 33. Qf1 Qc2 34. Rb7 g6 35. Kh1 Qc8 36. Qf4 Qc3 37. Rd7 Qxd3 38. Rxd4 Qb1+ 39. Kh2 Qb2 40. Rb4 Qg7 41. Rb7 Rd8 42. Rb8 Rxb8 43. Qxb8+ Qf8 44. Qxf8+ Kxf8 45. Bd5 Ke7 46. Kg2 f5 47. Kf3 Kf6 48. Bc6 Ke5 49. Bd7 g5 50. Be8 Kf6 51. g4 f4 52. Ke4 Ke6 53. Bc6 Kd6 54. Ba8 Ke6 55. Kd4 Kd6 56. Kc4 Ke5 57. Kc5 Ke6 58. Be4 Ke5 59. Bf3 Ke6 60. Kc6 Ke5 61. Kd7 Kd4 62. Ke7 Ke3 63. Bb7 f3 64. Kf6 f2 65. Bg2 Kf4 66. Kg6 Kg3 67. Bf1 1-0